|
|
|
|
| LEADER |
00000nas a2200000 a 4500 |
| 001 |
ssj0002645 |
| 003 |
WaSeSS |
| 005 |
20200512172242.0 |
| 006 |
m d |
| 007 |
cr n |
| 008 |
000928c19709999nyubr pss 0 a0eng c |
| 010 |
|
|
|a 2004233210
|
| 016 |
7 |
|
|a 2014974-8
|2 DE-600
|
| 016 |
7 |
|
|a 012432191
|2 Uk
|
| 022 |
|
|
|a 1573-3297
|l 0001-8244
|y 0001-8244
|
| 035 |
|
|
|a (WaSeSS)ssj0002645
|
| 040 |
|
|
|a F#A
|b eng
|e pn
|c F#A
|d OCLCQ
|d GUA
|d OCLCQ
|d PIT
|d WSM
|d MUQ
|d FQM
|d OCLCQ
|d GUA
|d OCLCQ
|d BUF
|d OCLCQ
|d OCLCF
|d OCLCQ
|d TSC
|d Z5A
|d OCLCO
|d OCLCA
|d WT2
|d OCLCQ
|d OCLCO
|d AU@
|d OCLCO
|d WYU
|d UKMGB
|d U3W
|d OCLCO
|d AUD
|d OCLCA
|d VT2
|d OCLCO
|d OCLCA
|d DLC
|d OCLCQ
|d OCLCO
|d OCLCA
|d WaSeSS
|
| 042 |
|
|
|a pcc
|
| 050 |
0 |
0 |
|a QH457
|
| 060 |
0 |
0 |
|a W1
|b BE124
|
| 082 |
0 |
4 |
|a 155.7
|
| 130 |
0 |
|
|a Behavior genetics (Online)
|
| 210 |
0 |
|
|a Behav. genet.
|b (Dordr., Online)
|
| 222 |
|
0 |
|a Behavior genetics
|b (Dordrecht. Online)
|
| 245 |
1 |
0 |
|a Behavior genetics
|h [electronic resource].
|
| 260 |
|
|
|a New York, N.Y. :
|b Kluwer Academic/Plenum Publishers
|
| 260 |
3 |
|
|3 2004- :
|a New York :
|b Springer
|
| 310 |
|
|
|a Bimonthly
|
| 362 |
1 |
|
|a Began with vol. 1, issue 1 (Feb. 1970).
|
| 506 |
|
|
|a License restrictions may limit access.
|
| 525 |
|
|
|a Some issues combined.
|
| 538 |
|
|
|a Mode of access: World Wide Web.
|
| 550 |
|
|
|a Published in cooperation with the Behavior Genetics Association.
|
| 588 |
0 |
|
|a Vol. 1, issue 1 (Feb. 1970); title from contents screen (publisher's Web site, viewed Feb. 11, 2004).
|
| 588 |
1 |
|
|a Vol. 49, issue 4 (July 2019) (Springer Link, viewed July 11, 2019).
|
| 650 |
|
0 |
|a Behavior genetics
|v Periodicals.
|
| 650 |
|
0 |
|a Behavior evolution
|v Periodicals.
|
| 650 |
|
0 |
|a Genetic psychology
|v Periodicals.
|
| 650 |
|
2 |
|a Genetics, Behavioral.
|
| 650 |
|
2 |
|a Genetics.
|
| 650 |
|
6 |
|a Génétique du comportement
|v Périodiques.
|
| 650 |
|
7 |
|a Behavior evolution.
|2 fast
|0 (OCoLC)fst00829910
|
| 650 |
|
7 |
|a Behavior genetics.
|2 fast
|0 (OCoLC)fst00829913
|
| 650 |
|
7 |
|a Genetic psychology.
|2 fast
|0 (OCoLC)fst00940076
|
| 655 |
|
0 |
|a Electronic journals.
|
| 710 |
2 |
|
|a Behavior Genetics Association.
|
| 776 |
0 |
8 |
|i Print version:
|t Behavior genetics
|x 0001-8244
|w (DLC)sc 78000748
|w (OCoLC)1519335
|
| 850 |
|
|
|a DLC
|
| 856 |
4 |
0 |
|z Full text available from Research Library: 01/01/1997 to 1 year ago
|u https://search.proquest.com/publication/48147
|